Tilastot visalle Maat kahdella ensimmäisellä kirjaimella 90 sekunnissa

Klikkaa tästä pelataksesi tätä visaa!

Yleistilastot

  • Tätä visaa on pelattu 865 kertaa
  • Keskiarvotulos 112 / 196

Vastaukset kartalla

Vastauksille on annettu kartalla punavihreä väri sen mukaan, kuinka moni on saanut sen oikein.
Ladataan ...
 

Vastaustilastot

Valtio% Oikein
Suriname
95%
Suomi
95%
Sudan
95%
Ruanda
93%
Venäjä
91%
Venezuela
91%
Norsunluurannikko
89%
Kambodža
88%
Kazakstan
88%
Kap Verde
88%
Kanada
88%
Kamerun
88%
Samoa
87%
Saudi-Arabia
87%
Sambia
87%
Yhdistynyt
kuningaskunta
87%
São Tomé ja Príncipe
87%
San Marino
87%
Saint Kitts ja Nevis
87%
Saint Lucia
87%
Saint Vincent ja
Grenadiinit
87%
Yhdysvallat
87%
Saksa
87%
Salomonsaaret
87%
Norja
85%
Madagaskar
84%
Marshallinsaaret
84%
Malawi
84%
Malediivit
84%
Malesia
84%
Mali
84%
Malta
84%
Marokko
84%
Mauritania
84%
Mauritius
84%
Makedonia
84%
Portugali
83%
Pohjois-Korea
83%
Brasilia
83%
Brunei
83%
Kirgisia
81%
Ruotsi
81%
Kiribati
81%
Irlanti
81%
Iran
81%
Irak
81%
Kiina
81%
Meksiko
80%
Indonesia
78%
Israel
78%
Islanti
78%
Intia
78%
Espanja
78%
Mikronesia
78%
Moldova
78%
Monaco
78%
Mongolia
78%
Montenegro
78%
Mosambik
78%
Liberia
77%
Libya
77%
Liechtenstein
77%
Libanon
77%
Liettua
77%
Alankomaat
77%
Australia
76%
Yhdistyneet
arabiemiirikunnat
76%
Armenia
75%
Ranska
75%
Argentiina
75%
Itä-Timor
74%
Tadžikistan
73%
Tansania
73%
Viro
73%
Tanska
73%
Italia
72%
Kongon tasavalta
72%
Kongon demokraattinen
tasavalta
72%
Itävalta
72%
Kolumbia
71%
Komorit
71%
Panama
71%
Papua-Uusi-Guinea
71%
Paraguay
71%
Päiväntasaajan Guinea
71%
Palau
71%
Pakistan
71%
Kosovo
71%
Vietnam
70%
Laos
68%
Latvia
68%
Etelä-Korea
66%
Etelä-Sudan
66%
Etiopia
66%
Etelä-Afrikka
66%
Algeria
64%
Turkki
64%
Albania
64%
Turkmenistan
64%
Chile
64%
Tunisia
64%
Tuvalu
64%
Japani
62%
Jamaika
62%
Puola
61%
Ukraina
60%
Vanuatu
57%
Valko-Venäjä
57%
Vatikaanivaltio
57%
Peru
55%
Bolivia
52%
Bosnia ja
Hertsegovina
52%
Botswana
52%
Belgia
50%
Belize
50%
Benin
50%
Niger
49%
Egypti
49%
Nigeria
49%
Nicaragua
49%
Nauru
48%
Namibia
48%
Uruguay
47%
Somalia
46%
Myanmar
45%
Oman
45%
Unkari
43%
Kenia
43%
Keski-Afrikan tasavalta
43%
Seychellit
42%
Senegal
42%
Serbia
42%
Antigua ja Barbuda
40%
Andorra
40%
Angola
40%
Kuuba
39%
Thaimaa
39%
Kuwait
39%
Tšad
38%
Tšekki
38%
Kreikka
37%
Nepal
37%
Romania
37%
Kroatia
37%
Burkina Faso
36%
Bulgaria
36%
Jemen
36%
Burundi
36%
Honduras
34%
Bahama
33%
Barbados
33%
Bahrain
33%
Bangladesh
33%
Ecuador
32%
Filippiinit
32%
Guyana
31%
Guinea-Bissau
31%
Guinea
31%
Fidži
31%
Uusi-Seelanti
31%
Guatemala
31%
Afganistan
28%
Syyria
26%
Dominikaaninen
tasavalta
25%
Dominica
25%
Slovenia
25%
Slovakia
25%
Eritrea
23%
Sri Lanka
23%
Bhutan
23%
Costa Rica
23%
Zimbabwe
22%
Haiti
22%
Singapore
21%
Sierra Leone
21%
Luxemburg
20%
Lesotho
20%
Gambia
19%
Gabon
19%
Qatar
17%
Jordania
17%
Uzbekistan
17%
Sveitsi
17%
Ghana
16%
Tonga
13%
Togo
13%
Azerbaidžan
13%
El Salvador
12%
Djibouti
11%
Uganda
9%
Georgia
9%
Kypros
9%
Swazimaa
8%
Grenada
5%
Trinidad ja Tobago
5%
Taiwan
1%

Tulosjakauma

Persentiili vastausten määrän mukaan

Jokaisen tuloksen saaneiden osuus

Tuloshistoriasi

Et ole pelannut tätä visaa